ज्ञानसलिला/ (Record no. 198760)
[ view plain ]
| 000 -LEADER | |
|---|---|
| fixed length control field | 00950nam a22001937a 4500 |
| 005 - DATE AND TIME OF LATEST TRANSACTION | |
| control field | 20231108173116.0 |
| 010 ## - LCCN (DPL NO) | |
| LC control number | HIN-126130 |
| 020 ## - INTERNATIONAL STANDARD BOOK NUMBER | |
| International Standard Book Number | 9788195321957 |
| Terms of availability | 625.00 |
| 035 ## - SYSTEM CONTROL NUMBER | |
| System control number | HN-98476 |
| 037 ## - SOURCE OF ACQUISITION | |
| Source of stock number/acquisition | DBAD/PUB. |
| 082 ## - DEWEY DECIMAL CLASSIFICATION NUMBER | |
| Classification number | 181.4 |
| 245 ## - TITLE STATEMENT | |
| Title | ज्ञानसलिला/ |
| Statement of responsibility, etc | सम्पादित एवं अनुवादक सुधांशु चतुर्वेदी |
| 250 ## - EDITION STATEMENT | |
| Edition statement | 1 |
| 260 ## - PUBLICATION, DISTRIBUTION, ETC. (IMPRINT) | |
| Place of publication, distribution, etc | दिल्ली |
| Name of publisher, distributor, etc | केशव बुक्स |
| Date of publication, distribution, etc | 2022 |
| 270 ## - ADDRESS | |
| Address | एफ-7, गली नं.-1.तृतीय तल,पंचशील गार्डन एक्स., नवीन शाहदरा,दिल्ली-110032 |
| City | नई दिल्ली |
| 300 ## - PHYSICAL DESCRIPTION | |
| Extent | 180पृ |
| Dimensions | 23 सेमी (सजिल्द) |
| 710 ## - ADDED ENTRY--CORPORATE NAME | |
| Relator term | सम्पादक एवं अनुवादक |
| 9 (RLIN) | 57672 |
| Corporate name or jurisdiction name as entry element | सुधांशु चतुर्वेदी |
| 942 ## - ADDED ENTRY ELEMENTS (KOHA) | |
| Institution code [OBSOLETE] | dpl |
| Item type | Hindi Books |
| Source of classification or shelving scheme | Dewey Decimal Classification |
| Classification part | 181.4 |
| Call number suffix | ज्ञानस |
| Withdrawn status | Lost status | Not for loan | Collection code | Home library | Current library | Date acquired | Source of acquisition | Cost, normal purchase price | Full call number | Barcode | Copy number | Cost, replacement price | Koha item type |
|---|---|---|---|---|---|---|---|---|---|---|---|---|---|
| Non-fiction | Bawana | Bawana | 16/10/2023 | DBAD/PUB | 625.00 | 181.4 ज्ञानस | HN-98476 | 1 | 625.00 | Hindi Books |
